00534nam a2200193Ia 450000500170000000800410001708200190005810000140007724500190009126000400011030000120015065000160016265000150017865000100019365000210020394200060022495200950023099900150032520250220051353.0240331s9999 xx 000 0 und d bCAB24994a954 aCabral, A 0aVerkalai Nokki aChennaibVitiyal Publicationsc2001 a127 p., aColonialism aLiberation aUnity aAnti-Imperialism cL 001040708LaWERCLbWERCLcSSCd2024-03-31l0o 954 CABp4994r2024-03-31w2024-03-31yL c4279d4279